Princesses Disney dans Ralph 2.0 par images - Statistiques

Statistiques générales
  • Ce quiz a été pris 4 834 fois
    4 832 depuis la dernière actualisation
  • Le résultat moyen est 14 sur 14
Statistiques - réponses
Par images Réponse % Correct
Blanche-Neige
100%
Ariel
99%
Belle
99%
Elsa
99%
Mulan
99%
Raiponce
99%
Vaiana/Moana
99%
Anna
98%
Cendrillon
98%
Jasmine
98%
Aurore
95%
Pocahontas
94%
Tiana
92%
Mérida
87%
Aucun quiz correspondant
Distribution des résultats
% des personnes avec chaque résultat
Percentile par nombre de réponses
Votre historique - résultats
Vous n’avez pas pris ce quiz depuis la dernière actualisation